000 00654nam a2200217 i 4500
001 80858
003 ES-MaACL
005 20230906174320.0
007 t|
008 041029s1966 sp ||||1| spa d
100 1 _aHoria, Vintila (
_d1915-1992)
_964193
245 1 3 _aLa séptima carta /
_cpor Vintila Horia ; [traducción de Mercedes A. Carrera].
250 _a[1ª ed.].
260 _aBarcelona :
_bPlaza & Janés,
_c[1966]
300 _a348 p. ;
_c20 cm.
490 1 _aNovelistas del día
700 1 _aCarrera, Mercedes A.
_935632
830 0 _aNovelistas del día
_9180813
852 _aES-MaACL
_jC-31632
_bR.70212
999 _c80858
_d80858